000 00622nam a2200217Ia 4500
005 20241129120204.0
008 241129s9999||||xx |||||||||||||| ||und||
020 _a9789394262010
037 _aTB
040 _aSDCL
_beng
_cSDCL
041 _aeng
_2eng
084 _aV27565'P, R4
_qSDCL
100 _aRay Dinesh Chandra Ed.; Chowdhury Srikanta Roy Ed.
_9729375
245 0 _aDarjeeling: In search of people's history of the hills
260 _aNew Delhi
_bManohar
_c2024
300 _a387p.
365 _aINR
_b1975
650 _aReference
942 _cTB
_hV27565'P, R4
999 _c1233726
_d1233726